Úloha centrálnej rozpočtovej politiky v procese globalizácie
Reformy, ktorými prechádza Slovensko od roku 1999. Autorka ako spoluriešiteľka projektu Verejné financie v procese integrácie ekonomiky SR do EÚ. Zameranie sa na úlohu centrálnej rozpočtovej politiky v procese globalizácie - závery z projektu.
Na minha lista:
| Autor principal: | |
|---|---|
| Formato: | Capítulo de Livro |
| Idioma: | eslovaco |
| Assuntos: | |
| Tags: |
Sem tags, seja o primeiro a adicionar uma tag!
|
MARC
| LEADER | 00000naa$a2200000$$$4500 | ||
|---|---|---|---|
| 001 | 0082062 | ||
| 005 | 20240502071924.5 | ||
| 041 | 0 | |a slo | |
| 044 | |a SK | ||
| 245 | 1 | 0 | |a Úloha centrálnej rozpočtovej politiky v procese globalizácie |c Kornélia Beličková |
| 520 | |a Reformy, ktorými prechádza Slovensko od roku 1999. Autorka ako spoluriešiteľka projektu Verejné financie v procese integrácie ekonomiky SR do EÚ. Zameranie sa na úlohu centrálnej rozpočtovej politiky v procese globalizácie - závery z projektu. | ||
| 610 | 2 | 0 | |a rozpočty verejné |
| 610 | 2 | 0 | |a financie verejné |
| 610 | 2 | 0 | |a správa verejná |
| 610 | 2 | 0 | |a politika rozpočtová |
| 610 | 2 | 0 | |a organizácie rozpočtové |
| 610 | 2 | 0 | |a reformy |
| 610 | 2 | 0 | |a integrácia ekonomická |
| 610 | 2 | 0 | |a Slovensko |
| 100 | 1 | |a Beličková, Kornélia, 1966- | |